MARC details
| 000 -LEADER |
| fixed length control field |
02561cam a2200433 a 4500 |
| 001 - CONTROL NUMBER |
| control field |
.b17633722 |
| 005 - DATE AND TIME OF LATEST TRANSACTION |
| control field |
20220125130214.0 |
| 008 - FIXED-LENGTH DATA ELEMENTS--GENERAL INFORMATION |
| fixed length control field |
100923m19931994nyu b 001 0 eng d |
| 020 ## - INTERNATIONAL STANDARD BOOK NUMBER |
| International Standard Book Number |
038546844X. |
| 020 ## - INTERNATIONAL STANDARD BOOK NUMBER |
| International Standard Book Number |
9780385468442 (v. 2 : pbk.) |
| 040 ## - CATALOGING SOURCE |
| Original cataloging agency |
FJUTW |
| Transcribing agency |
FJUTW |
| 042 ## - AUTHENTICATION CODE |
| Authentication code |
nbic |
| 100 1# - MAIN ENTRY--PERSONAL NAME |
| Personal name |
Copleston, Frederick C. |
| Fuller form of name |
(Frederick Charles), |
| Dates associated with a name |
1907-1994. |
| 245 12 - TITLE STATEMENT |
| Title |
A history of philosophy |
| Medium |
[electronic resource] : |
| Remainder of title |
medieval philosophy / |
| Statement of responsibility, etc |
Frederick Copleston. |
| 250 ## - EDITION STATEMENT |
| Edition statement |
Image ed. |
| 260 ## - PUBLICATION, DISTRIBUTION, ETC. (IMPRINT) |
| Place of publication, distribution, etc |
New York : |
| Name of publisher, distributor, etc |
Image Books/Doubleday, |
| Date of publication, distribution, etc |
1993. |
| 300 ## - PHYSICAL DESCRIPTION |
| Extent |
9 v. ; |
| Dimensions |
21 cm. |
| 336 ## - CONTENT TYPE |
| Content Type Term |
text |
| 337 ## - MEDIA TYPE |
| Media Type Term |
computer |
| 338 ## - CARRIER TYPE |
| Carrier Type Term |
online resource |
| 440 ## - SERIES STATEMENT/ADDED ENTRY--TITLE |
| Volume number/sequential designation |
Vol. II |
| 500 ## - GENERAL NOTE |
| General note |
"An Image book." |
| 500 ## - GENERAL NOTE |
| General note |
Reprint. Originally published: [Westminster, Md.] : Newman Press, 1946-75. |
| 504 ## - BIBLIOGRAPHY, ETC. NOTE |
| Bibliography, etc |
Includes bibliographical references and indexes. |
| 505 0# - FORMATTED CONTENTS NOTE |
| Formatted contents note |
v. 1. Greece and Rome: from the pre-Socratics to Plotinus -- v. 2. Medieval philosophy: from Augustine to Duns Scotus -- v. 3. Late Medieval and Renaissance philosophy: Ockham, Francis Bacon, and the beginning of the modern world -- v. 4. Modern philosophy: from Descartes to Leibniz -- v. 5. Modern philosophy: the British philosophers from Hobbes to Hume -- v. 6. Modern philosophy: from the French Enlightenment to Kant -- v. 7. Modern philosophy: from the post-Kantian idealists to Marx, Kierkegaard, and Nietzsche -- v. 8. Modern philosophy: Empiricism, Idealism, and Pragmatism in Britain and America -- v. 9. Modern philosophy: from the French Revolution to Sarte, Camus, and Levi-Strauss. |
| 650 #0 - SUBJECT ADDED ENTRY--TOPICAL TERM |
| Topical term or geographic name as entry element |
Philosophy |
| General subdivision |
History. |
| 655 ## - INDEX TERM--GENRE/FORM |
| Genre/form data or focus term |
electronic books |
| 740 02 - ADDED ENTRY--UNCONTROLLED RELATED/ANALYTICAL TITLE |
| Uncontrolled related/analytical title |
Greece and Rome : from the pre-Socratics to Plotinus. |
| 740 02 - ADDED ENTRY--UNCONTROLLED RELATED/ANALYTICAL TITLE |
| Uncontrolled related/analytical title |
Medieval philosophy : from Augustine to Duns Scotus. |
| 740 02 - ADDED ENTRY--UNCONTROLLED RELATED/ANALYTICAL TITLE |
| Uncontrolled related/analytical title |
Late Medieval and Renaissance philosophy : Ockham, Francis Bacon, and the beginning of the modern world. |
| 740 02 - ADDED ENTRY--UNCONTROLLED RELATED/ANALYTICAL TITLE |
| Uncontrolled related/analytical title |
Modern philosophy : from Descartes to Leibniz. |
| 740 02 - ADDED ENTRY--UNCONTROLLED RELATED/ANALYTICAL TITLE |
| Uncontrolled related/analytical title |
Modern philosophy : the British philosophers from Hobbes to Hume. |
| 740 02 - ADDED ENTRY--UNCONTROLLED RELATED/ANALYTICAL TITLE |
| Uncontrolled related/analytical title |
Modern philosophy : from the French Enlightenment to Kant. |
| 740 02 - ADDED ENTRY--UNCONTROLLED RELATED/ANALYTICAL TITLE |
| Uncontrolled related/analytical title |
Modern philosophy : from the post-Kantian idealists to Marx, Kierkegaard, and Nietzsche. |
| 740 02 - ADDED ENTRY--UNCONTROLLED RELATED/ANALYTICAL TITLE |
| Uncontrolled related/analytical title |
Modern philosophy : Empiricism, Idealism, and Pragmatism in Britain and America. |
| 740 02 - ADDED ENTRY--UNCONTROLLED RELATED/ANALYTICAL TITLE |
| Uncontrolled related/analytical title |
Modern philosophy: from the French Revolution to Sarte, Camus, and Levi-Strauss. |
| 856 ## - ELECTRONIC LOCATION AND ACCESS |
| Uniform Resource Identifier |
<a href="https://drive.google.com/file/d/1nEr_zensnxLm2YlF1MfI3GR-mnjqCXDy/view?usp=sharing">https://drive.google.com/file/d/1nEr_zensnxLm2YlF1MfI3GR-mnjqCXDy/view?usp=sharing</a> |
| 942 ## - ADDED ENTRY ELEMENTS (KOHA) |
| Source of classification or shelving scheme |
Library of Congress Classification |
| Item type |
eBooks |